Castellano 5: texto del alumno
Uloženo v:
| Hlavní autoři: | , , |
|---|---|
| Médium: | Kniha |
| Jazyk: | španělština |
| Vydáno: |
Santiago
Renacimiento
1981
|
| Edice: | Textos para educacion general básica
|
| Témata: | |
| Tagy: |
Přidat tag
Žádné tagy, Buďte první, kdo vytvoří štítek k tomuto záznamu!
|
MARC
| LEADER | 00000nam a2200000 a 4500 | ||
|---|---|---|---|
| 001 | UCW6091 | ||
| 003 | CL-VaPUC | ||
| 008 | 911010e19810000CL |||||||||||||||||spa|d | ||
| 082 | 0 | 4 | |a 372.6 |b ROB |2 21 |
| 100 | 0 | |a Robledo Mery, Clarina |e author |9 311057 | |
| 700 | 0 | |a Araya Rubio, Alfredo |e author |9 311058 | |
| 700 | 0 | |a Iglesias Soto, Gustavo |e author |9 311059 | |
| 245 | 1 | 0 | |a Castellano 5: texto del alumno |
| 300 | |a 173 p | ||
| 942 | |c BK | ||
| 945 | |d 19911010 00:00:00 | ||
| 260 | |a Santiago |b Renacimiento |c 1981 | ||
| 650 | 7 | |a ESPAÑOL LIBROS DE TEXTOS |2 CL-VaPUC |9 311041 | |
| 650 | 7 | |a LIBROS DE LECTURA EDUCACION BASICA |2 CL-VaPUC |9 307959 | |
| 583 | |a last modification |c 19911010 00:00:00 |k Rodrigo Vera | ||
| 490 | 0 | |a Textos para educacion general básica | |
| 999 | |c 219256 |d 219254 | ||
| 952 | |0 0 |1 0 |4 0 |6 372_600000000000000_ROB_1981 |7 0 |8 P |9 209937 |a BIBEDU |b BIBEDU |c BIBEDU_PB |d 2019-11-15 |i 2780313 |o 372.6 ROB 1981 |p 2780313 |r 2024-01-25 |w 2019-11-15 |y BK |k EDU | ||